00884ngm a2200277 4500003000400000005001700004007000400021008004100025010001500066024002100081035001500102040001300117082001500130245006400145260002800209300005000237440003300287500014000320538004900460650001900509700001900528700001700547700001600564700001200580700001400592dpl20090105141141.0DVD||||||sp199 xxu|||||c ||| 00| 0 ng d  aDVD-001871 aVHIF 1324c30.00 aDVD-001871 aDPLcDPL aDVD / MRBE aMr. BecharacNandu G Tolani Presentsh[videorecording] DVD/ bMoserbaer Entertainment a2 videodisc VCD;bsd., col. ;c4 3/4 in.fVCD aMoserbaer Home Entertainment aMoserbaer India Ltd. has obtained the necessary licence/conssent from the owner of the copyright in the wroks for making this DVD Film. aDolby Digital 5.1 - Hindi Subtitles: English aMotion Picture aBhagyaraja, K. aAnand Miland aKapoor Anil aSridevi aNagarjuna